Central Library OPAC University of Rajshahi

Making the stage your career / (Record no. 45709)

MARC details
000 -LEADER
fixed length control field 00769nam a22002532a 4500
001 - CONTROL NUMBER
control field 45709
003 - CONTROL NUMBER IDENTIFIER
rucl marc code BD-RjUL
005 - DATE AND TIME OF LATEST TRANSACTION
control field 20211209054045.0
008 - FIXED-LENGTH DATA ELEMENTS--GENERAL INFORMATION
fixed length control field 160727s1965 enk 000 0 eng d
035 ## - SYSTEM CONTROL NUMBER
System control number OCLC ocm09124070 from D950216M
-- (BD-RjUL)45827
040 ## - CATALOGING SOURCE
Original cataloging agency SOI
Transcribing agency SOI
Modifying agency UKM
-- EQO
-- BD-RjUL
Language of cataloging eng
041 ## - LANGUAGE CODE
Language code of text/sound track or separate title eng
082 ## - DEWEY DECIMAL CLASSIFICATION NUMBER
Classification number 792.069
Author mark and year BLM 1965
100 1# - MAIN ENTRY--PERSONAL NAME
Personal name Blakelock, Denys.
9 (RLIN) 139847
245 10 - TITLE STATEMENT
Title Making the stage your career /
Statement of responsibility, etc. Denys Blakelock.
260 ## - PUBLICATION, DISTRIBUTION, ETC. (IMPRINT)
Place of publication, distribution, etc. London :
Name of publisher, distributor, etc. W. & G. Foyle,
Date of publication, distribution, etc. 1965
300 ## - PHYSICAL DESCRIPTION
Pagination 82 p.:
Illustrations ill. ;
Size 17 cm.
490 ## - SERIES STATEMENT
Series statement Foyles career handbooks
504 ## - BIBLIOGRAPHY, ETC. NOTE
Bibliography, etc Bibliography: p. 77-80
650 #0 - SUBJECT ADDED ENTRY--TOPICAL TERM
Topical term or geographic name as entry element Theater
General subdivision Vocational guidance
9 (RLIN) 139848
Topical term or geographic name as entry element Acting
9 (RLIN) 139849
830 #0 - SERIES ADDED ENTRY--UNIFORM TITLE
Uniform title Foyles career handbooks
942 ## - ADDED ENTRY ELEMENTS (KOHA)
Source of classification or shelving scheme Dewey Decimal Classification
Koha item type Books
Holdings
Lost status Source of classification or shelving scheme Damaged status Not for loan Collection code Permanent Location Current Location Shelving location Date acquired Source of acquisition Cost, normal purchase price Total Checkouts Full call number Date last seen Copy number Koha item type
  Dewey Decimal Classification     Non-fiction Central Library, University of Rajshahi Central Library, University of Rajshahi   04/12/1978 Standard pub. Rajshahi 8.00   792.069 BLM 1965 27/07/2016 C-2 Books